The Aryan debate / (Record no. 1848246)

MARC details
000 -LEADER
fixed length control field 00650cam a22002174a 4500
003 - CONTROL NUMBER IDENTIFIER
control field OSt
005 - DATE AND TIME OF LATEST TRANSACTION
control field 20260413104500.0
008 - FIXED-LENGTH DATA ELEMENTS--GENERAL INFORMATION
fixed length control field 050929s2005 ii ab b 001 0 eng
020 ## - INTERNATIONAL STANDARD BOOK NUMBER
International Standard Book Number 9780195669084
040 ## - CATALOGING SOURCE
Transcribing agency HDL
041 ## - LANGUAGE CODE
Language code of sung or spoken text English
082 ## - DEWEY DECIMAL CLASSIFICATION NUMBER
Classification number 294.5563 P5
245 04 - TITLE STATEMENT
Title The Aryan debate /
Statement of responsibility, etc. [edited by] Thomas R. Trautmann.
260 ## - PUBLICATION, DISTRIBUTION, ETC.
Place of publication, distribution, etc. New Delhi :
Name of publisher, distributor, etc. Oxford University Press,
Date of publication, distribution, etc. 2005.
300 ## - PHYSICAL DESCRIPTION
Extent xliii, 289 p.
440 #0 - SERIES STATEMENT/ADDED ENTRY--TITLE
Title Oxford in India readings.
Name of part/section of a work Debates in Indian history and society
9 (RLIN) 1234712
651 #0 - SUBJECT ADDED ENTRY--GEOGRAPHIC NAME
Geographic name India
General subdivision History
9 (RLIN) 1105577
700 1# - ADDED ENTRY--PERSONAL NAME
Personal name Trautmann, Thomas R.
9 (RLIN) 975459
942 ## - ADDED ENTRY ELEMENTS (KOHA)
Source of classification or shelving scheme Colon Classification (CC)
Koha item type Textual
Suppress in OPAC No
Holdings
Withdrawn status Lost status Source of classification or shelving scheme Damaged status Not for loan Home library Current library Date acquired Total Checkouts Date last seen Price effective from Koha item type
    Colon Classification (CC)     Department of History Library Department of History Library 2026-04-13   2026-04-13 2026-04-13 Textual
Copyright @ Delhi University Library System